000 00528nam a2200193Ia 4500
003 OSt
005 20260102154446.0
008 008 250505s9999 xx 000 0 hin d
037 _aTEXTBOOK
040 _aFEDL
_beng
_cFEDL
041 _ahin
_2eng
082 _a370.15, RAM
100 _aRammoorthy
_9776643
245 0 _aShiksha manovigyan
260 _aDelhi, India
_bRashtra Vani Prakashan
_c1998
300 _a246p.
942 _cTB
_h370.15, RAM/RR
_2ddc
_n0
999 _c1385756
_d1385756